000 00922cam a22002657i 4500
999 _c118999
_d118999
001 21727704
005 20201010123913.0
008 200924t20192020caua b 001 0 eng d
020 _a9781788290227
040 _cPK-LaUMT
082 0 4 _a519.55
_223
_bPAL-P
100 1 _aPal, Avishek
245 1 0 _aPractical time series analysis :
_bmaster time series data processing, visualization, and modeling using python /
_cby Avishek Pal and PKS Prakash
260 _aBirmingham :
_bPackt,
_c2017
300 _a230 p. :
_billustrations ;
_c24 cm
650 0 _aMachine learning.
650 0 _aTime-series analysis
_xData processing.
650 0 _aPython (Computer program language)
650 0 _aR (Computer program language)
650 7 _aMachine learning.
650 7 _aPython (Computer program language)
650 7 _aR (Computer program language)
650 7 _aTime-series analysis
_xData processing.
942 _cBK